Educational Guide of Pakistan (Record no. 343843)
[ view plain ]
| 000 -LEADER | |
|---|---|
| fixed length control field | 00461 a2200145 4500 |
| 020 ## - INTERNATIONAL STANDARD BOOK NUMBER | |
| International Standard Book Number | 9698296115 |
| 082 ## - DEWEY DECIMAL CLASSIFICATION NUMBER | |
| Classification number | 370.95491 |
| 090 ## - LOCALLY ASSIGNED LC-TYPE CALL NUMBER (OCLC); LOCAL CALL NUMBER (RLIN) | |
| -- | 1321 |
| -- | 1321 |
| 100 ## - MAIN ENTRY--PERSONAL NAME | |
| Personal name | Imran,Ibrahim |
| 245 ## - TITLE STATEMENT | |
| Title | Educational Guide of Pakistan |
| Remainder of title | A Guide to more then 3000 Higher education,training and research institutions of Pakistan |
| Statement of responsibility, etc. | Ibrahim Imran |
| 260 ## - PUBLICATION, DISTRIBUTION, ETC. | |
| Place of publication, distribution, etc. | Lahore |
| Name of publisher, distributor, etc. | Ibrahim publishers |
| Date of publication, distribution, etc. | 1999-2000 |
| 300 ## - PHYSICAL DESCRIPTION | |
| Extent | 378p |
| 500 ## - GENERAL NOTE | |
| General note | Paper cover |
| 942 ## - ADDED ENTRY ELEMENTS (KOHA) | |
| Institution code [OBSOLETE] | NBS |
| Koha item type | Book |
| Call number prefix | 370.95491 IMR |
| Withdrawn status | Lost status | Damaged status | Not for loan | Permanent Location | Current Location | Date acquired | Total Checkouts | Full call number | Barcode | Date last seen | Date last checked out | Price effective from | Koha item type |
|---|---|---|---|---|---|---|---|---|---|---|---|---|---|
| Central Library (CL) | Central Library (CL) | 08/28/2013 | 1 | 370.95491 IMR | NBS1700 | 11/23/2017 | 08/22/2017 | 08/28/2013 | Book |
